|
|
|
|
| LEADER |
01917nim a2200565 i 4500 |
| 001 |
001926054 |
| 003 |
CZ BrMZK |
| 005 |
20250612134411.0 |
| 007 |
sd fungnnmmned |
| 008 |
250219s2025 xr nnnng f n cze |
| 015 |
|
|
|a cnb003625948
|
| 020 |
|
|
|a 978-80-284-0194-8
|
| 040 |
|
|
|a BOA001
|b cze
|e rda
|
| 072 |
|
7 |
|a 821.162.3-3
|x Česká próza
|2 Konspekt
|9 25
|
| 080 |
|
|
|a 821.162.3-3
|2 MRF
|
| 080 |
|
|
|a (0:82-4)
|2 MRF
|
| 080 |
|
|
|a (046)
|2 MRF
|
| 080 |
|
|
|a (086.7)08
|2 MRF
|
| 080 |
|
|
|a (086.76)
|2 MRF
|
| 100 |
1 |
|
|a Eben, Marek,
|d 1957-
|7 jn19981000940
|4 aut
|4 nrt
|
| 245 |
1 |
0 |
|a Myšlenky za volantem 2 /
|c napsal a namluvil Marek Eben
|
| 250 |
|
|
|a 1. vydání
|
| 264 |
|
1 |
|a [Praha] :
|b Témbr,
|c 2025
|
| 300 |
|
|
|a 1 audiodisk (3 hod., 13 min.) ;
|c 12 cm
|
| 306 |
|
|
|a 031300
|
| 336 |
|
|
|a mluvené slovo
|b spw
|2 rdacontent
|
| 337 |
|
|
|a audio
|b s
|2 rdamedia
|
| 338 |
|
|
|a audiodisk
|b sd
|2 rdacarrier
|
| 344 |
|
|
|a digital
|b optical
|2 rda
|
| 347 |
|
|
|a audio soubor
|b MP3
|2 rda
|
| 500 |
|
|
|a Název z disku
|
| 500 |
|
|
|a Vydalo nakladatelství Témbr ve společnosti Euromedia Group, a. s.
|
| 500 |
|
|
|a Podle stejnojmenné knihy vydané nakladatelstvím EuromediaGroup a.s. v roce 2024
|
| 508 |
|
|
|a Režie, Jan Jiráň
|
| 655 |
|
7 |
|a české prózy
|7 fd133972
|2 czenas
|
| 655 |
|
7 |
|a fejetony
|7 fd132252
|2 czenas
|
| 655 |
|
7 |
|a sloupky
|7 fd185959
|2 czenas
|
| 655 |
|
7 |
|a audioknihy
|7 fd119452
|2 czenas
|
| 655 |
|
7 |
|a kompaktní disky
|7 fd201991
|2 czenas
|
| 655 |
|
9 |
|a Czech prose
|2 eczenas
|
| 655 |
|
9 |
|a feuilletons
|2 eczenas
|
| 655 |
|
9 |
|a columns
|2 eczenas
|
| 655 |
|
9 |
|a audiobooks
|2 eczenas
|
| 655 |
|
9 |
|a compact discs
|2 eczenas
|
| 700 |
1 |
|
|a Jiráň, Jan,
|d 1957-
|7 jn20000401255
|4 drt
|
| 910 |
|
|
|a BOA001
|b CDR-1542.742
|
| 928 |
9 |
|
|a Euromedia Group
|
| 990 |
|
|
|a AV
|
| 991 |
|
|
|b 202506
|c NOV
|
| 996 |
6 |
|
|b 2611001760
|c CDR-1542.742
|l MZK
|r Sklad / do 24 hodin
|n 0
|p p.v.
|w 002003762
|u 000010
|a 1
|e BOA001
|j MZK50
|s P
|